000
00338pab a2200145 454500
008
180718b1991 xxu||||| |||| 00| 0 eng d
100
_a
Narayanan, C.
245
_a
Decentralisation in Kerala
260
_c
1991
300
_a
25-6
362
_a
30 Apr.
650
_a
Decentralisation - India - Kerala
773
_a
Yojana
909
_a
7063
999
_c
7063
_d
7063